000 00746nam a2200289 a 4500
003 AR-BaBNM
005 20251128203355.0
008 082120s2002 ||||||||||||||000 | spa||
040 _cAR-BaBNM
100 0 _aAristófanes
245 0 0 _aObras completas
250 _a2ª ed.
260 _aBuenos Aires
_bEl Ateneo
_c1954
300 _a725 p.
_bil.
490 0 _aClásicos inolvidables
650 4 _aLITERATURA CLASICA
650 4 _aTEATRO
650 4 _aSATIRA
650 4 _aLITERATURA GRIEGA
650 4 _aHISTORIA ANTIGUA
653 _aCOMEDIA GRIEGA
655 _aLITERATURA
700 1 _aBaráibar y Zumárraga, Federico
_etraductor
700 1 _aMenéndez y Pelayo, Marcelino
_eprologuista
942 _cBK
998 _cMARTIN
999 _c3093
_d3093